| 000 | 01138nam0a22002891 4500 | ||
|---|---|---|---|
| 001 | v19\rc\1775154 | ||
| 005 | 20260407065337.0 | ||
| 035 | _a(NLR Aleph) 004871236 | ||
| 090 |
_a5097716 _c5097716 |
||
| 100 | _a20061204d1904 |||y0rusy50 ca | ||
| 101 | 0 | _arus | |
| 102 | _aRU | ||
| 105 | _ac z |||a| | ||
| 200 | 1 |
_aРыбаки _eРоман из простонар. быта _fСоч. Д.В. Григоровича _gС портр. авт., рез. на дереве худож. В.В. Матэ |
|
| 210 |
_aСанкт-Петербург _cН.Г. Мартынов _d1904 |
||
| 215 |
_a[9], 34-384 с. _cпортр. _d20 |
||
| 700 | 1 |
_8rus _7ca _aГригорович _bД. В. _f1822-1900 _gДмитрий Васильевич _3RU\NLR\AUTH\7716014 _9125659 |
|
| 702 | 1 |
_4440 _8rus _7ca _aМатэ _bВ. В. _cгравер _f1856-1917 _gВасилий Васильевич _3RU\NLR\AUTH\7753398 _936330 |
|
| 801 | 0 |
_aRU _bNLR _gpsbo |
|
| 801 | 0 |
_aRU _bRuMoRGB _2psbo |
|
| 801 | 1 |
_aRU _bProSoft-M _2rusmarc |
|
| 801 | 2 |
_aRU _bNLR _c20130813 _2rusmarc |
|
| 852 |
_aNLR _j38.25.7.10 |
||
| 899 | _aБАН | ||
| 899 |
_aRuMoRGB _jT 19/143 |
||
| 942 | _cBOOK | ||
| 980 | _aNB | ||